| 000 | 01100nam a2200313 i 4500 | ||
|---|---|---|---|
| 003 | DO-SdBNP | ||
| 005 | 20260428102813.0 | ||
| 007 | ta | ||
| 008 | 260209b2022 dr ||||| |||| 00| 0 spa d | ||
| 020 | _a9789945952049 | ||
| 040 |
_aDO-SdBNP _bspa _cBNPHU _erda |
||
| 041 | _aspa | ||
| 082 | 4 |
_axxx _bV434ó _222 |
|
| 100 | 1 |
_aVelásquez, Elidenia, _eautor _4aut. _988980 |
|
| 242 | 1 | 0 |
_aOscura luz : _bpoemario / _cElidenia Velásquez ; edición y corrección, Rafael J. Rodríguez Pérez. |
| 245 | 1 | 0 |
_aOscura luz / _cElinenia Velásquez |
| 246 |
_aOscura luz : _bpoemario |
||
| 264 | 4 |
_aSanto Domingo, República Dominicana : _bRío de Oro Editores, S.R.L., _c©2025. |
|
| 300 |
_a88 páginas ; _c22 cm. |
||
| 336 |
_atexto _btxt _2rdacontent |
||
| 337 |
_asin mediación _bn _2rdamedia |
||
| 338 |
_avolumen _bnc _2rdacarrier |
||
| 490 | 0 | _aColección Cierva Blanca | |
| 500 | _aIncluye datos biográficos del autor en la solapa de la cubierta. | ||
| 590 | _aInventariado, 2026 / LP | ||
| 700 | 1 |
_aRodríguez Pérez, Rafael J., _eeditor _4ed. _943373 |
|
| 910 | _aLP | ||
| 942 |
_2ddc _cLBS1 |
||
| 999 |
_c60273 _d60273 |
||